Catálogo

Arreglo artístico de servilletas / (Registro nro. 18438)

Detalles MARC
000 -LEADER
fixed length control field 01191cam a2200337 i 4500
001 - CONTROL NUMBER
control field 18438
003 - CONTROL NUMBER IDENTIFIER
control field Mx-PuUPA
005 - DATE AND TIME OF LATEST TRANSACTION
control field 20251127173449.0
008 - FIXED-LENGTH DATA ELEMENTS--GENERAL INFORMATION
fixed length control field 140415s1989 mx a gr 000 0 spa d
020 ## - INTERNATIONAL STANDARD BOOK NUMBER
International Standard Book Number 9682427932
040 ## - CATALOGING SOURCE
Transcribing agency mx
Original cataloging agency Mx-PuUPA
Language of cataloging spa
Modifying agency Mx-PuUPA
Description conventions rda
041 1# - LANGUAGE CODE
Language code of text/sound track or separate title spa
Language code of original eng
100 1# - MAIN ENTRY--PERSONAL NAME
Personal name Ginders, James,
9 (RLIN) 17656
Relator term autor
240 12 - UNIFORM TITLE
Uniform title A guide to napkin folding.
Language of a work Español
245 10 - TITLE STATEMENT
Title Arreglo artístico de servilletas /
Statement of responsibility, etc. James Ginders ; traducción, Heléne Levesque Dion
250 ## - EDITION STATEMENT
Edition statement Primera edición
264 #1 - PRODUCTION, PUBLICATION, DISTRIBUTION, MANUFACTURE, AND COPYRIGHT NOTICE
Place of production, publication, distribution, manufacture México, D. F. :
Name of producer, publisher, distributor, manufacturer Editorial Trillas,
Date of production, publication, distribution, manufacture, or copyright notice ©1989
300 ## - PHYSICAL DESCRIPTION
Extent 111 páginas :
Other physical details ilustraciones (algunas a color) ;
Dimensions 25 cm
336 ## - CONTENT TYPE
Fuente rdacontent
Content type term texto
Content type code txt
336 ## - CONTENT TYPE
Fuente rdacontent
Content type term imagen fija
Content type code sti
337 ## - MEDIA TYPE
Source rdamedia
Media type term sin medio
Media type code n
338 ## - CARRIER TYPE
Source rdacarrier
Carrier type term volumen
Carrier type code nc
490 0# - SERIES STATEMENT
Series statement Trillas Turismo
500 ## - GENERAL NOTE
General note Reimpresiones: (1991) ; (1993) ; (1997) ; (1999).
650 #7 - SUBJECT ADDED ENTRY--TOPICAL TERM
Source of heading or term armarc
Topical term or geographic name entry element Decoración de la mesa
700 1# - ADDED ENTRY--PERSONAL NAME
Personal name Dion, Heléne Levesque,
Relator term traductor
765 0# - ORIGINAL LANGUAGE ENTRY
Main entry heading Ginders, James,
Title A guide to napkin folding.
International Standard Book Number 0710430132
942 ## - ADDED ENTRY ELEMENTS (KOHA)
Source of classification or shelving scheme Dewey Decimal Classification
Koha item type Libro
Classification part 642.7
Item part G42
Existencias
Withdrawn status Lost status Source of classification or shelving scheme Damaged status Not for loan Collection code Home library Current library Shelving location Date acquired Source of acquisition Total Checkouts Full call number Barcode Date last seen Price effective from Koha item type Date last checked out Copy number
    Dewey Decimal Classification     General Biblioteca Karol Wojtyla Biblioteca Karol Wojtyla Sala general 03/12/2013 Compra   642.7 GIN 38910 05/01/2026 03/12/2013 Libro    
    Dewey Decimal Classification     General Biblioteca Karol Wojtyla Biblioteca Karol Wojtyla Sala general 03/12/2013 Compra 1 642.7 GIN 40053 05/01/2026 03/12/2013 Libro 11/02/2020  
    Dewey Decimal Classification     General Biblioteca Karol Wojtyla Biblioteca Karol Wojtyla Sala general 03/12/2013 Compra   642.7 GIN 37754 05/01/2026 03/12/2013 Libro    
    Dewey Decimal Classification     General Biblioteca Karol Wojtyla Biblioteca Karol Wojtyla Sala general 03/12/2013 Compra   642.7 GIN 38976 05/01/2026 03/12/2013 Libro    
    Dewey Decimal Classification     General Tehuacán Tehuacán Sala general 03/12/2013 Compra   642.7 G42 1989 968000003040 08/01/2025 03/12/2013 Libro 24/08/2017 Ej.2
    Dewey Decimal Classification     General Tehuacán Tehuacán Sala general 03/12/2013 Compra   642.7 G42 1989 968000003038 08/01/2025 03/12/2013 Libro    
    Dewey Decimal Classification     General Tehuacán Tehuacán Sala general 03/12/2013 Compra   642.7 G42 1989 968000003039 08/01/2025 03/12/2013 Libro 23/08/2017 Ej.3
    Dewey Decimal Classification   Consulta en sala General Tehuacán Tehuacán Sala general 03/12/2013 Compra   642.7 GIN 505398   03/12/2013 Reserva permanente